Környezettudatos megoldások a fenntartható rendezvényiparért
| Main Author: | |
|---|---|
| Other Authors: | |
| Format: | Thesis |
| Kulcsszavak: | fenntartható fejlődés fenntarthatóság greenwishing rendezvények rendezvényszervezés |
| Online Access: | http://dolgozattar.uni-bge.hu/59703 |
MARC
| LEADER | 00000nta a2200000 i 4500 | ||
|---|---|---|---|
| 001 | dolg59703 | ||
| 005 | 20260409145441.0 | ||
| 008 | 260409suuuu hu om 000 hun d | ||
| 040 | |a BGE Dolgozattár Repozitórium |b hun | ||
| 041 | |a hu | ||
| 100 | 1 | |a Filus Ivett | |
| 245 | 1 | 0 | |a Környezettudatos megoldások a fenntartható rendezvényiparért |c Filus Ivett |h [elektronikus dokumentum] |
| 520 | 3 | |a Az elmúlt évtizedekben a fenntarthatóság és a környezettudatosság kérdései egyre nagyobb figyelmet kaptak a társadalmunk szinte minden részében. Az éghajlatváltozás, a természeti erőforrások kimerülése és a növekvő hulladéktermelés olyan globális kihívásokat jelentenek, amelyek megoldása minden iparág közös felelőssége. Az események és rendezvények szervezése sem kivétel ez alól! A rendezvényipar egy rendkívül összetett ágazat, amely jelentős hatással van a környezetre, ugyanakkor hatalmas lehetőségeket is kínál a fenntarthatósági célok elérésében. A fenntartható rendezvények célja, hogy a résztvevők igényeit úgy szolgálják ki, hogy közben figyelmet fordítanak az esemény környezeti és társadalmi hatásaira is – előtérbe helyezve a felelős fogyasztást és a hosszú távon fenntartható működést. | |
| 695 | |a fenntartható fejlődés | ||
| 695 | |a fenntarthatóság | ||
| 695 | |a greenwishing | ||
| 695 | |a rendezvények | ||
| 695 | |a rendezvényszervezés | ||
| 700 | 1 | |a Bándoli Attila István |e ths | |
| 856 | 4 | 0 | |u http://dolgozattar.uni-bge.hu/59703/1/PDF_Ko%CC%88rnyezettudatos%20megolda%CC%81sok%20a%20fenntarthato%CC%81%20rendezve%CC%81nyipare%CC%81rt.pdf |z Dokumentum-elérés |
| 856 | 4 | 0 | |u http://dolgozattar.uni-bge.hu/59703/2/Szakdolgozat%20%C3%A9rt%C3%A9kel%C5%91%20Filus%20Ivett%20FQM0GN.pdf |z Dokumentum-elérés |
| 856 | 4 | 0 | |u http://dolgozattar.uni-bge.hu/59703/3/Szakdolgozat%20%C3%A9rt%C3%A9kel%C5%91%20Bsc%20%282%29%20Filus%20Ivett.pdf |z Dokumentum-elérés |